Matemática 1º Medio: texto para el estudiante
-д хадгалсан:
| Үндсэн зохиолчид: | , |
|---|---|
| Формат: | Ном |
| Хэл сонгох: | испани |
| Хэвлэсэн: |
Santiago
Arrayán
2005
|
| Цуврал: | Sector: Matemática
|
| Нөхцлүүд: | |
| Шошгууд: |
Шошго нэмэх
Шошго байхгүй, Энэхүү баримтыг шошголох эхний хүн болох!
|
MARC
| LEADER | 00000nam a2200000 a 4500 | ||
|---|---|---|---|
| 001 | UCH6268 | ||
| 003 | CL-VaPUC | ||
| 008 | 091109e20050000CL |||||||||||||||||spa|d | ||
| 020 | |a 9562403394 | ||
| 082 | 0 | 4 | |a 510.712 |b CID |2 21 |
| 100 | 0 | |a Cid Figueroa, Eduardo |e author |9 542677 | |
| 700 | 0 | |a Muñoz Varisco, Marcia |e author |9 542678 | |
| 245 | 1 | 0 | |a Matemática 1º Medio: texto para el estudiante |
| 300 | |a 255 p | ||
| 942 | |c BK | ||
| 945 | |d 20091109 00:00:00 |a lazolas | ||
| 260 | |a Santiago |b Arrayán |c 2005 | ||
| 650 | 0 | |a Matemáticas |x Enseñanza |9 875527 | |
| 650 | 0 | |a Libros de texto |9 270019 | |
| 583 | |a last modification |c 20170821 01:28:22 |k Rodrigo Vera | ||
| 490 | 0 | |a Sector: Matemática | |
| 999 | |c 337192 |d 337190 | ||